[Event "ICS rated blitz match"]
[Site "204.178.125.65"]
[Date "2000.03.10"]
[Round "?"]
[White "Hossa"]
[Black "MissSilicon"]
[Result "0-1"]
[WhiteElo "2431"]
[BlackElo "2637"]
[PlyCount "186"]

1. Nf3 Nf6 2. g3 b5 3. Bg2 Bb7 4. O-O e6 5. d3 d5 6. Nbd2 Be7 7. e4 c5 8. exd5
exd5 9. d4 O-O 10. dxc5 Bxc5 11. Nb3 Bb6 12. Nbd4 a6 13. Re1 Re8 14. Rxe8+ Qxe8
15. Nf5 Nc6 16. Nd6 Qd7 17. Nxb7 Qxb7 18. Ng5 Re8 19. Bd2 Qa7 20. Nh3 Ne4 21.
Be1 Re5 22. Bxe4 dxe4 23. c3 e3 24. Qf3 Na5 25. Rd1 Qb8 26. Nf4 Nc4 27. b3 Nd6
28. a3 Ne4 29. fxe3 Nxc3 30. Rd3 Ne4 31. Bc3 Nxc3 32. Rxc3 Qd8 33. Rd3 Qf8 34.
Nd5 Bd8 35. a4 Bg5 36. axb5 axb5 37. Rd1 f5 38. b4 Qd6 39. Kg2 Qe6 40. Rd3 Qc8
41. Qd1 Qc6 42. Kg1 Kh8 43. h4 Bd8 44. h5 Bg5 45. Kf2 Re8 46. Kg1 Ra8 47. Qf1
Qc2 48. Qd1 Qb2 49. Rc3 Rd8 50. Rd3 Rc8 51. Qf3 Ra8 52. h6 Bxh6 53. Nc3 Re8 54.
Nd5 Rc8 55. Rd1 Qe5 56. Qf2 Qe4 57. Kh2 Bg5 58. Rd4 Qe6 59. Rd1 Rc4 60. Kg1 Kg8
61. Qd2 Rg4 62. Qf2 Qd6 63. Kg2 Bh4 64. Kh1 Qxg3 65. Qxg3 Rxg3 66. Kh2 Rg4 67.
Rf1 g6 68. Ra1 Bg3+ 69. Kh3 Be5 70. Ra5 Rg3+ 71. Kh4 Rg2 72. Nf4 g5+ 73. Kh3
Rb2 74. Ra8+ Kf7 75. Ra7+ Ke8 76. Ra8+ Kd7 77. Ra7+ Bc7 78. Rxc7+ Kxc7 79. Ne6+
Kd6 80. Nxg5 Rxb4 81. Nxh7 Re4 82. Kg3 b4 83. Ng5 b3 84. Nf7+ Ke7 85. Nh6 Ke6
86. Kf2 Rh4 87. Ke2 b2 88. Nxf5 Kxf5 89. Kf3 b1=Q 90. Kg2 Qh1+ 91. Kg3 Rh3+ 92.
Kf2 Rh2+ 93. Kg3 Qg2# 0-1

[Event "ICS rated blitz match"]
[Site "204.178.125.65"]
[Date "2000.03.10"]
[Round "?"]
[White "Hirug"]
[Black "Hossa"]
[Result "1/2-1/2"]
[WhiteElo "2379"]
[BlackElo "2424"]
[PlyCount "128"]

1. d4 Nf6 2. c4 e6 3. g3 d5 4. Nf3 Be7 5. Bg2 dxc4 6. O-O Nc6 7. Qa4 Bd7 8.
Qxc4 b5 9. Qc2 Nb4 10. Qd1 Bc6 11. a3 Na6 12. Nc3 O-O 13. Bg5 Ne4 14. Bxe7 Nxc3
15. Bxd8 Nxd1 16. Be7 Rfe8 17. Rfxd1 Rxe7 18. Rac1 Bd5 19. Ne5 h5 20. Bxd5 exd5
21. e3 c5 22. Nd3 cxd4 23. exd4 Nc7 24. Nf4 g6 25. Re1 Rae8 26. Rxe7 Rxe7 27.
Rc5 Rd7 28. Kf1 a6 29. Ke1 Kg7 30. Kd2 Kh7 31. h4 Kg7 32. b3 Kg8 33. Kc3 Kg7
34. Kb4 Kf8 35. Ka5 Ke8 36. Kb6 Kd8 37. a4 Rd6+ 38. Kb7 Rd7 39. Kc6 f6 40. Nxd5
Ne6 41. axb5 Nxd4+ 42. Kb6 Nxb3 43. bxa6 Nxc5 44. Kxc5 f5 45. Kc6 f4 46. Nxf4
Rd2 47. a7 Rc2+ 48. Kd6 Ra2 49. Nxg6 Rxa7 50. Nf4 Ra5 51. Ke6 Ke8 52. Kf6 Ra2
53. Kg5 Rxf2 54. Nxh5 Rf8 55. g4 Ke7 56. Ng3 Kd7 57. h5 Ke6 58. Nf5 Ke5 59. h6
Rg8+ 60. Ng7 Rc8 61. h7 Rh8 62. Kg6 Rxh7 63. Kxh7 Kf4 64. g5 Kxg5 1/2-1/2

[Event "ICS rated blitz match"]
[Site "204.178.125.65"]
[Date "2000.03.10"]
[Round "?"]
[White "Hossa"]
[Black "Hirug"]
[Result "1-0"]
[WhiteElo "2422"]
[BlackElo "2381"]
[PlyCount "279"]

1. d4 Nf6 2. c4 e6 3. Nf3 Bb4+ 4. Bd2 Qe7 5. g3 Nc6 6. Bg2 Bxd2+ 7. Nbxd2 d6 8.
O-O a5 9. e4 e5 10. d5 Nb8 11. Qa4+ Nbd7 12. Ne1 O-O 13. Nd3 b6 14. Qc6 Ra7 15.
Rfe1 Nh5 16. Nf3 Ndf6 17. Qa4 g6 18. Qa3 Ng7 19. Nfxe5 Bb7 20. Nf3 Qd8 21. Nd4
Nd7 22. f4 Nh5 23. e5 Nc5 24. exd6 cxd6 25. Nxc5 bxc5 26. Nb5 Ra8 27. Qe3 Ba6
28. a4 Qf6 29. Qd2 Bc8 30. Qc3 Bd7 31. Qxf6 Nxf6 32. Nxd6 Rab8 33. Nb5 Rfd8 34.
Be4 Ne8 35. Kg2 Kf8 36. Rad1 Bxb5 37. axb5 Nd6 38. Bd3 Ra8 39. g4 Rdb8 40. Ra1
a4 41. Kf2 Ra5 42. h4 Rba8 43. Ra3 Rb8 44. Re2 Rba8 45. Re3 Rb8 46. Re1 Rba8
47. Re2 Rb8 48. Ra1 Rba8 49. Ree1 Rb8 50. Kg2 Rba8 51. Ra3 Rb8 52. Re2 Rba8 53.
Re3 Rb8 54. Kf2 Rba8 55. Ke2 Rb8 56. Re5 Rba8 57. Kd2 Rb8 58. Re3 Rba8 59. Re1
Rb8 60. Raa1 Rba8 61. Re5 Rb8 62. Ra3 Rba8 63. Ke2 Rb8 64. Ra1 Rba8 65. Kf2 Rb8
66. Ke3 Rba8 67. Ra3 Rb8 68. Kf3 Rba8 69. Re1 Rb8 70. Kg2 Rba8 71. Re2 Rb8 72.
Ra1 Rba8 73. Ree1 Rb8 74. Kf3 Rba8 75. Re2 Rb8 76. Ra3 Rba8 77. Kg3 Rb8 78. Re1
Rba8 79. Re5 Rb8 80. Re2 Rba8 81. Kf3 Rb8 82. Re1 h6 83. Kg2 Rba8 84. Re2 Rb8
85. Ra1 Rba8 86. Ree1 Rb8 87. Kf2 Rba8 88. Ra3 Rb8 89. Kf3 Rba8 90. Kg2 Rb8 91.
Re2 Rba8 92. Kf2 Rb8 93. Re1 Rba8 94. Re5 Rb8 95. Ke3 Rba8 96. Kd2 Rb8 97. Ra1
Rba8 98. Ke2 Rb8 99. Ke3 Rba8 100. Ra3 Rb8 101. Kd2 Rba8 102. Re1 Rb8 103. Raa1
Rba8 104. Re5 Rb8 105. Ke2 Rba8 106. Ra3 Rb8 107. Re3 Rba8 108. Kf2 Rb8 109.
Kg2 Rba8 110. Be2 Rb8 111. Ra1 Rba8 112. Re1 Rb8 113. Bd3 Rba8 114. Re7 Rb8
115. Rd7 Re8 116. Rxe8+ Nxe8 117. b6 a3 118. bxa3 Rxa3 119. b7 Rb3 120. d6 Kg7
121. Rd8 Nxd6 122. b8=Q Rxb8 123. Rxb8 h5 124. Rd8 Nb7 125. Rd7 Na5 126. gxh5
gxh5 127. Rd5 Nb3 128. Rxh5 Nd4 129. Rxc5 Ne6 130. Rf5 f6 131. h5 Nd4 132. Rd5
Ne6 133. Kf3 Kh6 134. Bf5 Ng7 135. Bg4 Ne8 136. c5 Kg7 137. Be6 Kh6 138. Bf5
Nc7 139. Rd7 Kxh5 140. Rh7# 1-0

[Event "ICS rated blitz match"]
[Site "204.178.125.65"]
[Date "2000.03.10"]
[Round "?"]
[White "MissSilicon"]
[Black "Hossa"]
[Result "1-0"]
[WhiteElo "2644"]
[BlackElo "2436"]
[PlyCount "137"]

1. d4 d5 2. c4 c6 3. cxd5 cxd5 4. Nf3 Nf6 5. Nc3 Nc6 6. Bf4 Nh5 7. Bd2 Nf6 8.
e3 e6 9. Rc1 Bd6 10. Nb5 Be7 11. Bd3 O-O 12. O-O Bd7 13. Re1 Nb4 14. Bxb4 Bxb4
15. Nc3 Qa5 16. Qb3 Rac8 17. Ne5 Be8 18. a3 Bd6 19. Rc2 b5 20. Rec1 Rc7 21.
Nxb5 Rxc2 22. Rxc2 Qe1+ 23. Bf1 Bxe5 24. dxe5 Bxb5 25. Qxb5 Ng4 26. Qa6 g6 27.
Qxa7 Nxe5 28. Qd4 Nc4 29. e4 Qb1 30. Re2 Qc1 31. exd5 exd5 32. Qxd5 Nxb2 33.
Qb3 Nd1 34. g3 Rd8 35. Re7 Rf8 36. Re1 Rd8 37. Bc4 Qd2 38. Re2 Qd7 39. a4 Kg7
40. a5 Qf5 41. a6 Qd7 42. Qb7 Nc3 43. Re3 Na4 44. Rd3 Qxb7 45. axb7 Rb8 46. Rd7
Kh6 47. Rxf7 Nc5 48. Bd5 Na6 49. f4 Nb4 50. Be4 Na6 51. g4 Rh8 52. Bf3 g5 53.
Rf6+ Kg7 54. Rxa6 Re8 55. fxg5 Re1+ 56. Kg2 Rb1 57. Ra7 Rb2+ 58. Kg3 Kf8 59.
Ra8+ Ke7 60. b8=Q Rxb8 61. Rxb8 Kd6 62. Rb7 Ke5 63. Rxh7 Kd4 64. g6 Ke3 65. Rc7
Kd4 66. g7 Kd3 67. g8=Q Kd4 68. Qd5+ Ke3 69. Rc3# 1-0

[Event "ICS rated standard match"]
[Site "204.178.125.65"]
[Date "2000.03.10"]
[Round "?"]
[White "huge"]
[Black "Hossa"]
[Result "1/2-1/2"]
[WhiteElo "2356"]
[BlackElo "2179"]
[PlyCount "28"]

1. e4 c5 2. Nf3 e6 3. d4 cxd4 4. Nxd4 Nf6 5. Nc3 d6 6. Bg5 a6 7. f4 h6 8. Bh4
Qb6 9. Bxf6 gxf6 10. Na4 Qa5+ 11. Nc3 Qb6 12. Na4 Qa5+ 13. Nc3 Qb6 14. Na4 Qa5+
1/2-1/2

[Event "ICS rated standard match"]
[Site "204.178.125.65"]
[Date "2000.03.10"]
[Round "?"]
[White "Hossa"]
[Black "huge"]
[Result "1-0"]
[WhiteElo "2187"]
[BlackElo "2348"]
[PlyCount "41"]

1. e4 d5 2. exd5 Nf6 3. d4 Nxd5 4. Nf3 Bg4 5. Bb5+ c6 6. Be2 e6 7. O-O Bd6 8.
c4 Nf4 9. Bxf4 Bxf4 10. Nc3 Nd7 11. Ne1 Bf5 12. Bd3 Bg6 13. g3 Bd6 14. Bxg6
hxg6 15. Nf3 Nf6 16. Re1 Ng4 17. Qe2 Bb4 18. a3 Qa5 19. axb4 Qxb4 20. d5 O-O-O
21. dxe6 1-0

[Event "ICS rated bullet match"]
[Site "204.178.125.65"]
[Date "2000.03.10"]
[Round "?"]
[White "Hossa"]
[Black "undertaker1"]
[Result "0-1"]
[WhiteElo "2376"]
[BlackElo "2620"]
[PlyCount "102"]

1. e4 e5 2. Nf3 Nc6 3. Bb5 a6 4. Ba4 Nf6 5. O-O Be7 6. Re1 b5 7. Bb3 d6 8. c3
O-O 9. h3 Na5 10. Bc2 c5 11. d4 Qc7 12. Nbd2 cxd4 13. cxd4 Nc6 14. a3 Bd7 15.
d5 Na5 16. Re3 Rfc8 17. Rc3 Qd8 18. Rxc8 Rxc8 19. b3 Qc7 20. Ra2 h6 21. Qe2 Nh5
22. Qd1 Nf4 23. Nf1 Qc5 24. Bxf4 exf4 25. b4 Qc4 26. Qb1 Nb7 27. Bb3 Qc1 28.
Qxc1 Rxc1 29. e5 Bf5 30. Rd2 Be4 31. exd6 Nxd6 32. Nd4 Ra1 33. Ba2 Re1 34. f3
Bg6 35. Nc6 Bf6 36. Bb3 Bc3 37. Rd1 Re2 38. Kh2 Kh7 39. h4 Bf6 40. a4 Rb2 41.
Nd2 Bc3 42. axb5 axb5 43. Ra1 Rxd2 44. Rc1 Bf6 45. Kh3 Bf5+ 46. g4 fxg3+ 47.
Kxg3 Bxh4+ 48. Kxh4 Rg2 49. f4 g5+ 50. fxg5 hxg5+ 51. Kh5 Bg6# 0-1

[Event "ICS rated blitz match"]
[Site "204.178.125.65"]
[Date "2000.03.10"]
[Round "?"]
[White "Hossa"]
[Black "undertaker1"]
[Result "0-1"]
[WhiteElo "2429"]
[BlackElo "2577"]
[PlyCount "126"]

1. d4 Nf6 2. c4 e6 3. Nc3 Bb4 4. e3 O-O 5. Nf3 d5 6. Bd3 c5 7. O-O Nc6 8. a3
Bxc3 9. bxc3 dxc4 10. Bxc4 Qc7 11. Bb2 e5 12. h3 e4 13. Nd2 Ne7 14. Qc2 Bf5 15.
Rfd1 b5 16. Bb3 Rac8 17. Rac1 cxd4 18. cxd4 Qb7 19. Qb1 Qd7 20. Rc5 Rxc5 21.
dxc5 Qc6 22. Bc2 Qxc5 23. Bxf6 gxf6 24. Nxe4 Bxe4 25. Bxe4 f5 26. Bd3 Rd8 27.
Bf1 Rxd1 28. Qxd1 a6 29. Qd8+ Kg7 30. Qa5 Qd6 31. Qc3+ Kg6 32. Bd3 h5 33. g4
hxg4 34. hxg4 Qf6 35. Qd4 Qxd4 36. exd4 Kf6 37. gxf5 Nxf5 38. Bxf5 Kxf5 39. f3
a5 40. Kf2 b4 41. axb4 a4 42. b5 Ke6 43. b6 Kd6 44. b7 Kc7 45. b8=R Kxb8 46.
Ke3 a3 47. f4 f5 48. Kd3 a2 49. Kc3 a1=Q+ 50. Kc4 Qc1+ 51. Kb4 Qxf4 52. Kc5 Kc7
53. Kd5 Qe3 54. Kc5 Qc3+ 55. Kd5 Qc6+ 56. Ke5 Qe4+ 57. Kf6 f4 58. Kg5 f3 59. d5
f2 60. d6+ Kxd6 61. Kh5 f1=Q 62. Kh6 Qf6+ 63. Kh5 Qef5# 0-1

[Event "ICS rated blitz match"]
[Site "204.178.125.65"]
[Date "2000.03.10"]
[Round "?"]
[White "Culture"]
[Black "Hossa"]
[Result "1-0"]
[WhiteElo "2200"]
[BlackElo "2419"]
[PlyCount "129"]

1. c4 e5 2. Nc3 Nf6 3. e4 Bc5 4. g3 Nc6 5. Bg2 d6 6. h3 O-O 7. Nge2 Re8 8. O-O
Bd7 9. Kh2 Bd4 10. d3 Be6 11. f4 Bc5 12. f5 Bc8 13. g4 h6 14. Ng3 b6 15. h4 Nd7
16. g5 hxg5 17. hxg5 Nd4 18. Qh5 Nc2 19. Nd5 Nxa1 20. g6 Nf6 21. Nxf6+ Qxf6 22.
Bg5 fxg6 23. fxg6 Bg1+ 24. Rxg1 Qxg5 25. Qxg5 Nc2 26. Qh5 Ne3 27. Qh7+ Kf8 28.
Qh8+ Ke7 29. Qxg7+ Kd8 30. Qf6+ Re7 31. Qh8+ Re8 32. Qh4+ Kd7 33. Bh3+ Kc6 34.
g7 Bxh3 35. Qxh3 Kc5 36. Nf5 Nxf5 37. exf5 b5 38. cxb5 Reb8 39. f6 Rg8 40. Qe3+
Kxb5 41. Qg5 a5 42. f7 Kc5 43. fxg8=Q Rxg8 44. Rf1 Kd4 45. Rf8 Rxg7 46. Qxg7
Kxd3 47. Qg4 d5 48. Rf3+ Kc2 49. Qg2+ Kb1 50. Rf1+ Kxa2 51. b4+ Ka3 52. bxa5 d4
53. Qc2 c5 54. Ra1+ Kb4 55. Qa4+ Kc3 56. a6 e4 57. a7 e3 58. a8=Q e2 59. Q8a5+
Kd3 60. Q5b5+ Ke3 61. Qxc5 e1=Q 62. Rxe1+ Kf2 63. Qcxd4+ Kf3 64. Qg4+ Kf2 65.
Qe2# 1-0

[Event "ICS rated blitz match"]
[Site "204.178.125.65"]
[Date "2000.03.10"]
[Round "?"]
[White "Hossa"]
[Black "QueenMaxima"]
[Result "0-1"]
[WhiteElo "2418"]
[BlackElo "2378"]
[PlyCount "94"]

1. c4 Nf6 2. Nc3 g6 3. Nf3 Bg7 4. d4 O-O 5. e4 d6 6. Bg5 c5 7. dxc5 h6 8. Bxf6
Bxf6 9. cxd6 Bxc3+ 10. bxc3 Qxd6 11. Qxd6 exd6 12. O-O-O Bg4 13. Rxd6 Bxf3 14.
gxf3 Re8 15. Rg1 Nc6 16. c5 Re7 17. Bc4 Kg7 18. Bxf7 Kxf7 19. Rgxg6 Rh8 20.
Rdf6+ Ke8 21. Rxc6 bxc6 22. Rxc6 Rf8 23. Rc8+ Kf7 24. Rxf8+ Kxf8 25. c6 Rc7 26.
f4 Rxc6 27. Kc2 Rg6 28. Kd3 Ra6 29. a3 Rxa3 30. h4 Ra2 31. f3 Kf7 32. f5 Kf6
33. Kd4 Rh2 34. c4 a5 35. c5 a4 36. c6 Rc2 37. Kd3 Rxc6 38. Kd4 Rc8 39. Ke3 a3
40. Kf4 Rc5 41. Kg4 Rc4 42. Kh5 a2 43. Kg4 a1=Q 44. Kh5 Qg1 45. f4 Rxe4 46.
Kxh6 Re8 47. h5 Rh8# 0-1

[Event "ICS rated bullet match"]
[Site "204.178.125.65"]
[Date "2000.03.10"]
[Round "?"]
[White "Hossa"]
[Black "QueenMaxima"]
[Result "1-0"]
[WhiteElo "2370"]
[BlackElo "2372"]
[PlyCount "108"]

1. e4 e6 2. d4 b6 3. Bd3 Bb7 4. Ne2 Nf6 5. e5 Nd5 6. O-O a6 7. a3 Nc6 8. c4
Nde7 9. Nbc3 d6 10. exd6 cxd6 11. Be3 d5 12. b3 Rb8 13. Re1 h6 14. cxd5 Nxd5
15. Nxd5 exd5 16. Nc3 Ne7 17. Qe2 Ra8 18. Bf4 Bc8 19. Rac1 h5 20. Nxd5 Qxd5 21.
Be4 Qe6 22. Bxa8 Qxe2 23. Rxe2 Bg4 24. Re3 b5 25. d5 g5 26. Bc6+ Kd8 27. Bxg5
Rg8 28. f4 Rg6 29. Bh4 Bd7 30. Rd3 Ke8 31. Bxe7 Bxe7 32. b4 Bd6 33. Rh3 Bxc6
34. dxc6 Kd8 35. Rxh5 Bxf4 36. Rc3 Bc7 37. Rd5+ Kc8 38. g3 f6 39. Kg2 Be5 40.
Rcd3 Rg4 41. Rc5 Rd4 42. Rxd4 Bxd4 43. Rc2 f5 44. Kf3 Be5 45. g4 fxg4+ 46. Kxg4
Kd8 47. Kg5 Bd6 48. Kf6 Kc7 49. Ke6 Bf4 50. h4 Bg3 51. h5 Bf4 52. Ke7 Be3 53.
Kf6 Bh6 54. Kg6 Be3 1-0

[Event "ICS rated bullet match"]
[Site "204.178.125.65"]
[Date "2000.03.10"]
[Round "?"]
[White "QueenMaxima"]
[Black "Hossa"]
[Result "1-0"]
[WhiteElo "2356"]
[BlackElo "2386"]
[PlyCount "173"]

1. e4 e5 2. d4 exd4 3. Qxd4 Nc6 4. Qa4 Nf6 5. Nc3 Bb4 6. Bd2 Qe7 7. O-O-O Bxc3
8. Bxc3 O-O 9. f3 d6 10. Ne2 Re8 11. Nd4 Ne5 12. Nb3 Be6 13. Qb4 Bxb3 14. Qxb3
Rab8 15. Bb4 Nc6 16. Bb5 a6 17. Bxc6 bxc6 18. Qa4 Rb6 19. Ba5 Rb5 20. Bc3 Ra8
21. Rde1 Nd7 22. Qd4 Qg5+ 23. Qd2 Qg6 24. f4 Nc5 25. f5 Qg4 26. h3 Qh4 27. g3
Qe7 28. e5 d5 29. f6 Qe8 30. fxg7 Qe6 31. Ref1 Ne4 32. Qe1 Qh6+ 33. Kb1 Rab8
34. Rf4 Nxc3+ 35. Qxc3 Rxb2+ 36. Qxb2 Rxb2+ 37. Kxb2 Qe6 38. Re1 Kxg7 39. Rg4+
Kf8 40. Rh4 h6 41. a4 c5 42. Re2 Qb6+ 43. Ka2 d4 44. e6 Qb4 45. e7+ Ke8 46.
Rhe4 Qxa4+ 47. Kb2 Qb4+ 48. Ka2 Qc4+ 49. Kb1 f5 50. Re5 d3 51. cxd3 Qxd3+ 52.
Kb2 Qd4+ 53. Kc2 c4 54. R5e3 a5 55. Rf3 a4 56. h4 Qg4 57. Ree3 Qg6 58. Re1 f4+
59. Kc1 Qf6 60. Re2 Qa1+ 61. Kd2 Qb2+ 62. Ke1 Qb1+ 63. Kf2 Qb6+ 64. Kf1 Qb7 65.
Rxf4 Qh1+ 66. Kf2 Qh2+ 67. Kf3 Qxe2+ 68. Kxe2 c3 69. Rc4 a3 70. Rxc7 a2 71. Ra7
h5 72. Kd3 a1=Q 73. Rxa1 Kxe7 74. Ra5 c2 75. Kxc2 Kd7 76. Rxh5 Ke6 77. Ra5 Kd6
78. g4 Ke6 79. Rf5 Kd6 80. h5 Ke6 81. h6 Kd6 82. h7 Kc6 83. h8=Q Kd6 84. Qh7
Kc6 85. Qh6+ Kc7 86. Rf7+ Kc8 87. Qh8# 1-0

[Event "ICS rated standard match"]
[Site "204.178.125.65"]
[Date "2000.03.10"]
[Round "?"]
[White "star"]
[Black "Hossa"]
[Result "1-0"]
[WhiteElo "2529"]
[BlackElo "2210"]
[PlyCount "103"]

1. d4 Nf6 2. c4 e6 3. Nc3 Bb4 4. Nf3 c5 5. e3 O-O 6. Bd3 d5 7. O-O cxd4 8. exd4
dxc4 9. Bxc4 Nc6 10. a3 Be7 11. Bf4 Bd7 12. Re1 Qb6 13. b4 Rfc8 14. Qd3 Nh5 15.
Bd2 Qc7 16. Bb3 Bd6 17. Nb5 Qb8 18. Nxd6 Qxd6 19. b5 Nd8 20. Bb4 Qf4 21. Ne5
Be8 22. g4 Qg5 23. h4 Qxh4 24. gxh5 Qxh5 25. a4 a6 26. Bd1 Qg5+ 27. Bg4 axb5
28. axb5 g6 29. Bd2 Qe7 30. Rxa8 Rxa8 31. Qc4 Qf8 32. Bb4 Qh6 33. Be7 Qd2 34.
Rd1 Qf4 35. Qc7 h5 36. Bh3 Nc6 37. bxc6 Bxc6 38. Bh4 Rf8 39. Bg3 Qe4 40. Nxc6
bxc6 41. Qf4 Qe2 42. Rc1 Qb2 43. Rxc6 Rd8 44. Rc7 Rf8 45. Bxe6 Qa1+ 46. Kh2
Qxd4 47. Bxf7+ Kh7 48. Qxd4 Kh6 49. Bf4+ g5 50. Qf6+ Kh7 51. Bg8+ Kxg8 52. Qg7#
1-0

[Event "ICS rated blitz match"]
[Site "204.178.125.65"]
[Date "2000.03.10"]
[Round "?"]
[White "blackbear2"]
[Black "Hossa"]
[Result "0-1"]
[WhiteElo "2261"]
[BlackElo "2400"]
[PlyCount "64"]

1. c4 Nf6 2. g3 g6 3. Bg2 Bg7 4. Nf3 d5 5. cxd5 Nxd5 6. Nc3 Nxc3 7. bxc3 Nc6 8.
O-O O-O 9. d4 Bg4 10. Rb1 Rb8 11. Ba3 Bf5 12. Rb5 a6 13. Rxf5 gxf5 14. Nh4 f4
15. e4 fxg3 16. fxg3 b5 17. e5 b4 18. Bxc6 bxa3 19. Be4 Rb6 20. Qg4 e6 21. Qh5
h6 22. Qe2 Rb2 23. Qf3 Rxa2 24. Bb1 Rb2 25. Qe4 f5 26. exf6 Rxf6 27. Qh7+ Kf7
28. Bg6+ Kf8 29. Bd3 Rxf1+ 30. Bxf1 Qxh4 31. gxh4 a2 32. Qd3 a1=Q 0-1

[Event "ICS rated blitz match"]
[Site "204.178.125.65"]
[Date "2000.03.10"]
[Round "?"]
[White "Hossa"]
[Black "blackbear2"]
[Result "0-1"]
[WhiteElo "2410"]
[BlackElo "2251"]
[PlyCount "78"]

1. e4 c5 2. Nf3 d6 3. d4 cxd4 4. Nxd4 Nf6 5. Nc3 g6 6. Be3 Bg7 7. f3 O-O 8. Qd2
Nc6 9. Bc4 Bd7 10. O-O-O Ne5 11. Bb3 Qa5 12. Bh6 Rfc8 13. Kb1 Bxh6 14. Qxh6
Rxc3 15. bxc3 Qxc3 16. h4 Nc4 17. Bxc4 Qxc4 18. h5 Rc8 19. hxg6 fxg6 20. Rd2
Rc5 21. Nb3 Rb5 22. g4 Qf7 23. Rdh2 a5 24. Ka1 a4 25. Nd4 Rb4 26. c3 Rc4 27.
Ne2 a3 28. Rh4 Bb5 29. g5 Nh5 30. Nd4 Rxc3 31. e5 Qc4 32. Nb3 Qe2 33. R4h2 Qxe5
34. Qxh7+ Kxh7 35. Rxh5+ gxh5 36. g6+ Kg7 37. Nd4 Qxd4 38. Kb1 Bd3+ 39. Ka1
Rc1# 0-1

[Event "ICS rated blitz match"]
[Site "204.178.125.65"]
[Date "2000.03.10"]
[Round "?"]
[White "MissSilicon"]
[Black "Hossa"]
[Result "1-0"]
[WhiteElo "2696"]
[BlackElo "2387"]
[PlyCount "117"]

1. d4 Nf6 2. c4 g6 3. Nc3 Bg7 4. e4 d6 5. Nf3 O-O 6. Be2 e5 7. O-O Nc6 8. d5
Ne7 9. Bd2 Ne8 10. b4 f5 11. Qb3 Nf6 12. exf5 gxf5 13. c5 Kh8 14. cxd6 cxd6 15.
Rac1 Bd7 16. Ng5 Qb6 17. Be3 Qd8 18. Nb5 Ne4 19. Rfd1 a5 20. Nxe4 Bxb5 21. Bxb5
fxe4 22. Rc4 Nf5 23. Rxe4 Nxe3 24. fxe3 Qf6 25. bxa5 Qf2+ 26. Kh1 Rxa5 27. a4
Raa8 28. Bd3 Bh6 29. Qxb7 Rab8 30. Qc7 Rb3 31. Qc2 Qxc2 32. Bxc2 Rc3 33. Rh4
Rf6 34. Bb1 Rxe3 35. g3 Ref3 36. Bd3 Kg7 37. Rg4+ Kh8 38. a5 Rf2 39. a6 Be3 40.
Rb1 Rf8 41. Re4 Bd4 42. Rh4 Rd2 43. Bxh7 Kg7 44. Rb7+ Kf6 45. Rg4 Rh8 46. Rgg7
Rd1+ 47. Kg2 Rd2+ 48. Kf3 e4+ 49. Kf4 Be5+ 50. Ke3 Bd4+ 51. Kxd2 Bg1 52. Bxe4
Ke5 53. Rge7+ Kd4 54. Rb4+ Kc5 55. Kc3 Bd4+ 56. Kb3 Rh7 57. Rxh7 Bg7 58. a7 Bc3
59. Rc7# 1-0

[Event "ICS Rated blitz match"]
[Site "204.178.125.65"]
[Date "2000.03.10"]
[Round "?"]
[White "Hossa"]
[Black "j724"]
[Result "0-1"]
[WhiteElo "2382"]
[BlackElo "2087"]
[PlyCount "166"]

1. d4 Nf6 2. c4 c5 3. d5 d6 4. Nc3 g6 5. e4 Bg7 6. Nf3 O-O 7. Be2 e6 8. O-O
exd5 9. cxd5 a6 10. Bg5 h6 11. Bxf6 Bxf6 12. Qd2 Bg7 13. Qe3 Re8 14. Rae1 Nd7
15. Qf4 Qf6 16. Qd2 Kh7 17. Bd3 Ne5 18. Nxe5 Qxe5 19. Na4 b5 20. Nb6 Rb8 21.
Nxc8 Rbxc8 22. Re2 Qd4 23. Bb1 Qxd2 24. Rxd2 c4 25. Rfd1 b4 26. Re2 f5 27. Rde1
f4 28. h4 Be5 29. Rc1 Rc7 30. Kf1 Rec8 31. Rec2 Kg7 32. Ke2 Kf6 33. Rh1 a5 34.
h5 g5 35. Rhc1 g4 36. f3 Kg5 37. fxg4 Kxg4 38. Rh1 a4 39. Rh3 b3 40. Rc1 c3 41.
bxc3 Rxc3 42. Rhxc3 Rxc3 43. Rxc3 Bxc3 44. Kd3 Be5 45. Kc4 bxa2 46. Bxa2 a3 47.
Kb3 Bb2 48. Bb1 Kxh5 49. e5 Bxe5 50. Kxa3 Kg4 51. Be4 h5 52. Kb4 h4 53. Kb5 Kg3
54. Kc6 h3 55. gxh3 f3 56. Bxf3 Kxf3 57. Kd7 Kg3 58. Ke6 Kxh3 59. Kf5 Kg3 60.
Ke4 Kg4 61. Ke3 Kf5 62. Kf3 Bb2 63. Ke3 Ke5 64. Kf3 Kxd5 65. Ke3 Kc4 66. Kd2 d5
67. Kc2 Bg7 68. Kd2 d4 69. Kc2 d3+ 70. Kd2 Bh6+ 71. Ke1 Kc3 72. Kf1 d2 73. Ke2
Kc2 74. Kf3 d1=Q+ 75. Ke4 Qd3+ 76. Ke5 Qf3 77. Ke6 Qf4 78. Ke7 Qf5 79. Ke8 Qh7
80. Kd8 Bg5+ 81. Kc8 Bf4 82. Kd8 Bd6 83. Ke8 Qe7# 0-1

[Event "ICS rated blitz match"]
[Site "204.178.125.65"]
[Date "2000.03.10"]
[Round "?"]
[White "j724"]
[Black "Hossa"]
[Result "0-1"]
[WhiteElo "2114"]
[BlackElo "2355"]
[PlyCount "56"]

1. d4 d5 2. Nf3 Nf6 3. Bf4 c5 4. c3 cxd4 5. cxd4 Nc6 6. Qb3 Nh5 7. Bd2 e6 8.
Nc3 Be7 9. e3 O-O 10. a3 Na5 11. Qc2 Nf6 12. Bd3 Bd7 13. O-O Nc4 14. Bc1 Qc7
15. b3 Nb6 16. Ne5 Bd6 17. f4 Rac8 18. Bd2 Be8 19. Qb2 Qe7 20. b4 Nc4 21. Nxc4
dxc4 22. Bb1 Bc7 23. e4 Bb6 24. Ne2 Bc6 25. Ng3 Ng4 26. Qc3 Rcd8 27. Ne2 Rxd4
28. Nxd4 Qd7 0-1

[Event "ICS rated blitz match"]
[Site "204.178.125.65"]
[Date "2000.03.10"]
[Round "?"]
[White "Hossa"]
[Black "QueenMaxima"]
[Result "1-0"]
[WhiteElo "2361"]
[BlackElo "2416"]
[PlyCount "87"]

1. e4 c6 2. d4 d5 3. Nc3 dxe4 4. Nxe4 Nf6 5. Nxf6+ gxf6 6. c3 Qc7 7. Bd3 Rg8 8.
g3 h6 9. Nf3 Be6 10. Bf4 Qa5 11. b4 Qh5 12. Be2 Bg4 13. h3 f5 14. Kd2 Bxf3 15.
Bxf3 Qg6 16. Kc2 Qe6 17. Kb2 Bg7 18. Re1 Qf6 19. b5 a6 20. bxc6 Nxc6 21. Qb3
Nd8 22. Bxb7 Ra7 23. Bg2 Bh8 24. Qb8 Rd7 25. Rab1 Rg6 26. Bc7 h5 27. Kc2 f4 28.
Bxf4 Qg7 29. Bb7 Rf6 30. Bf3 h4 31. Be4 hxg3 32. fxg3 Qg8 33. Qa8 Bg7 34. Rb8
e5 35. Kb2 Ke7 36. Bg5 Bh8 37. Bh4 Rdd6 38. dxe5 Rd2+ 39. Kc1 Ke6 40. Qxa6+ Ke7
41. exf6+ Kd7 42. Qa7+ Nb7 43. Qxb7+ Ke6 44. Qe7# 1-0

[Event "ICS rated blitz match"]
[Site "204.178.125.65"]
[Date "2000.03.10"]
[Round "?"]
[White "Hossa"]
[Black "PostModernist"]
[Result "0-1"]
[WhiteElo "2380"]
[BlackElo "2526"]
[PlyCount "148"]

1. Nf3 Nf6 2. g3 b6 3. Bg2 Bb7 4. O-O g6 5. d4 Bg7 6. c4 O-O 7. Nc3 Ne4 8. e3
Nxc3 9. bxc3 Re8 10. a4 e5 11. Ra2 e4 12. Nd2 d6 13. f3 exf3 14. Bxf3 Qc8 15.
Bxb7 Qxb7 16. Nf3 Nc6 17. Rb2 Na5 18. Qe2 c5 19. Ng5 f6 20. Nf3 Qc6 21. Rb5
cxd4 22. Nxd4 Qxc4 23. Qf3 Rad8 24. Bb2 f5 25. Rb4 Qd3 26. Re1 d5 27. Rb5 Nc4
28. Qe2 Qxe3+ 29. Qxe3 Nxe3 30. Nf3 Rc8 31. Nd2 Bf6 32. Rc1 h6 33. Re1 g5 34.
Rb3 f4 35. Rc1 Ng4 36. Rf1 Re2 37. Nf3 Ne3 38. Re1 Rg2+ 39. Kh1 Rf2 40. gxf4
gxf4 41. Rg1+ Kf7 42. a5 Nc4 43. axb6 axb6 44. Nd4 Rxb2 45. Rxb2 Nxb2 46. Ne2
f3 47. Nf4 d4 48. cxd4 Bxd4 49. Rf1 f2 50. Ne2 Be3 51. Kg2 Nd3 52. Kf3 Re8 53.
Ng3 Ne1+ 54. Kg4 Rg8+ 55. Kf5 Nf3 56. Ne4 Ke7 57. Nc3 Bc5 58. h3 Rg1 59. Rxf2
Bxf2 60. Nd5+ Kf7 61. Kf4 Nd2 62. Nb4 Rg3 63. h4 Rh3 64. Kf5 Rxh4 65. Nc6 Rh5+
66. Kg4 Rg5+ 67. Kf4 Kf6 68. Nb8 Rf5+ 69. Kg4 h5+ 70. Kh3 Rg5 71. Nd7+ Kf5 72.
Nf6 Rg3+ 73. Kh4 Rf3+ 74. Kxh5 Rh3# 0-1

[Event "ICS rated blitz match"]
[Site "204.178.125.65"]
[Date "2000.03.10"]
[Round "?"]
[White "PostModernist"]
[Black "Hossa"]
[Result "1-0"]
[WhiteElo "2536"]
[BlackElo "2370"]
[PlyCount "145"]

1. d4 Nf6 2. c4 e6 3. Nf3 b6 4. a3 Ba6 5. Nbd2 Bb7 6. Qc2 c5 7. e4 cxd4 8. e5
Nh5 9. Nxd4 d6 10. Qa4+ Nd7 11. N2f3 Be7 12. exd6 Bxd6 13. Bg5 f6 14. Be3 e5
15. Nf5 Bc7 16. O-O-O g6 17. Be2 gxf5 18. Ng5 Nf4 19. Bxf4 Qc8 20. Nf7 Rf8 21.
Bh5 Ke7 22. Be3 Rxf7 23. Bxf7 f4 24. Bh5 fxe3 25. Bg4 Bd6 26. Rxd6 f5 27. Bxf5
Kxd6 28. Rd1+ Ke7 29. Rxd7+ Kf6 30. Rf7+ Kxf7 31. Bxc8 Bxc8 32. fxe3 Bf5 33. h4
h6 34. Qd1 Rc8 35. Qh5+ Ke6 36. Qxh6+ Kf7 37. b3 b5 38. Qh5+ Ke6 39. g4 Be4 40.
Qh6+ Kd7 41. Qf6 bxc4 42. Qf7+ Kd6 43. bxc4 Rc7 44. Qf6+ Kd7 45. Kd2 Rc5 46. g5
Rc6 47. Qf7+ Kd8 48. Qg7 Rd6+ 49. Ke1 Re6 50. Qxa7 Re7 51. Qb6+ Kd7 52. g6 Kc8
53. Qd6 Re8 54. c5 Rd8 55. Qe6+ Kb7 56. Qb6+ Kc8 57. g7 Kd7 58. Qd6+ Kc8 59.
Qe6+ Kb7 60. Qb6+ Kc8 61. c6 Bxc6 62. Qxc6+ Kb8 63. h5 Rc8 64. Qb6+ Ka8 65. h6
e4 66. Qa6+ Kb8 67. h7 Rc1+ 68. Kd2 Rc2+ 69. Kxc2 Kc7 70. h8=Q Kd7 71. Qhc8+
Ke7 72. g8=N+ Kf7 73. Qf6# 1-0